|
|
|
|
| LEADER |
00000nam a22000005a 4500 |
| 001 |
vtls010524545 |
| 003 |
SK-MaSNL |
| 005 |
20260425230127.0 |
| 008 |
160430s2013 xo o c 000 0 eng |
| 015 |
|
|
|a SNBE2013
|
| 020 |
|
|
|a 9788097133658 (brož.)
|
| 040 |
|
|
|a SNK
|b slo
|c SNK
|e AACR2
|
| 041 |
0 |
|
|a eng
|
| 043 |
|
|
|a e-xo---
|
| 044 |
|
|
|a xo
|c SK
|
| 072 |
|
7 |
|a 72/76
|x Výtvarné umenie
|2 konspekt
|
| 080 |
|
|
|a 73/76(437.6)
|2 2001
|
| 080 |
|
|
|a 7.036/.038
|2 2001
|
| 080 |
|
|
|a 7.038.55
|2 2001
|
| 080 |
|
|
|a (437.6)
|2 2001
|
| 080 |
|
|
|a (083.824)
|2 2001
|
| 245 |
0 |
0 |
|a Visual inspiration & personal quests
|b Slovak visual arts 1993-2013 a selection
|c cataloque editor: Zora Petrášová, Andrea Babčanová
|
| 246 |
3 |
0 |
|a Slovak visual arts 1993-2013 a selection
|
| 260 |
|
|
|a [Piešťany]
|b Zora Petrášová
|c [2013]
|
| 300 |
|
|
|a 39 s.
|b fotogr.
|c 25 cm
|
| 366 |
|
|
|e 450 výt.
|
| 500 |
|
|
|a Obsahuje zoznam vystavujúcich umelcov
|
| 648 |
|
7 |
|a 20.-21. stor.
|2 SNKPH
|9 270701
|
| 648 |
|
7 |
|a 20th-21st centuries
|2 SNKPHeng
|9 285312
|
| 650 |
0 |
7 |
|a slovenské výtvarné umenie
|2 SNKPH
|9 68597
|
| 650 |
0 |
7 |
|a moderné umenie
|2 SNKPH
|9 68456
|
| 650 |
0 |
7 |
|a vizuálne umenie
|2 SNKPH
|9 69925
|
| 650 |
0 |
7 |
|a Slovak art
|2 SNKPHeng
|9 275442
|
| 650 |
0 |
7 |
|a Modern art
|2 SNKPHeng
|9 294689
|
| 650 |
0 |
7 |
|a Visual art
|2 SNKPHeng
|9 312006
|
| 651 |
|
7 |
|a Slovensko
|2 SNKPH
|9 14231
|
| 651 |
|
7 |
|a Slovakia
|2 SNKPHeng
|9 92630
|
| 655 |
|
7 |
|a katalógy výstav
|2 SNKPH
|9 70445
|
| 655 |
|
7 |
|a Exhibition catalogs
|2 SNKPHeng
|9 266232
|
| 700 |
1 |
|
|a Petrášová, Zora,
|d 1955-
|4 edt
|9 112826
|
| 700 |
1 |
|
|a Babčanová, Andrea
|4 edt
|9 417170
|
| 919 |
|
|
|a 978-80-971336-5-8
|
| 999 |
|
|
|c 667263
|d 669193
|
| 952 |
|
|
|a SNK
|b SNK
|y PREZ
|7 0
|p 17A1073797
|o snkOSC 26543
|i snk2013/15301
|8 0
|0 0
|1 0
|4 0
|d 2013-07-02
|l 0
|r 2026-02-23 19:14:39
|w 2026-02-23
|
| 952 |
|
|
|a SNK
|b SNK
|y VYP
|7 0
|p 17A1073796
|o snkOSC 26543 D1
|i snk2013/15302
|8 0
|0 0
|1 0
|4 0
|d 2013-07-02
|l 0
|r 2026-02-23 19:14:39
|w 2026-02-23
|